000 00622nam a22002297a 4500
005 20240918082655.0
008 240918b |||||||| |||| 00| 0 eng d
020 _a9788176800532
040 _aIN-DiNC
_cIN-DiNC
041 _dasm
082 _a330
_bGOE
100 _aGoel, JP
_eauthor
245 _aPrarambhik arthabigyan (XII)/
_cby JP Goel and H Goswami
250 _a12th ed.
260 _aDibrugarh:
_bTushar publishing house,
_c2024.
300 _a224p.
650 _aEconomics(XII)
650 _aMacroeconomics
650 _aIndian economic development
700 _aGoswami, H
_eauthor
942 _2ddc
_cBK
999 _c11961
_d11961